Comdex Tally 9 course kit / (Record no. 2831)
[ view plain ]
| 000 -LEADER | |
|---|---|
| fixed length control field | 00565nam a2200193 4500 |
| 001 - CONTROL NUMBER | |
| control field | 3490 |
| 005 - DATE AND TIME OF LATEST TRANSACTION | |
| control field | 20181127171320.0 |
| 010 00 - LIBRARY OF CONGRESS CONTROL NUMBER | |
| LC control number | |
| 020 00 - INTERNATIONAL STANDARD BOOK NUMBER | |
| International Standard Book Number | 9788177228106 |
| 090 00 - LOCALLY ASSIGNED LC-TYPE CALL NUMBER (OCLC); LOCAL CALL NUMBER (RLIN) | |
| Classification number (OCLC) (R) ; Classification number, CALL (RLIN) (NR) | 657.02853 A2773c 2011 |
| 100 00 - MAIN ENTRY--PERSONAL NAME | |
| Personal name | Agrawal, Namrata. |
| 245 00 - TITLE STATEMENT | |
| Title | Comdex Tally 9 course kit / |
| Remainder of title | |
| Statement of responsibility, etc. | Namrata Agrawal. |
| Medium | |
| 250 00 - EDITION STATEMENT | |
| Edition statement | |
| 260 00 - PUBLICATION, DISTRIBUTION, ETC. | |
| Place of publication, distribution, etc. | New Delhi : |
| Name of publisher, distributor, etc. | Dreamtech, |
| Date of publication, distribution, etc. | 2011. |
| 300 00 - PHYSICAL DESCRIPTION | |
| Extent | xix, 391 p. ; 23 cm. + 1 CD-ROM (4 3/4 in.) |
| 500 ## - GENERAL NOTE | |
| General note | CD Available to Accompany Text. |
| 650 00 - SUBJECT ADDED ENTRY--TOPICAL TERM | |
| Topical term or geographic name entry element | Computer software --Accounting. |
| General subdivision | |
| Topical term or geographic name entry element | Electronic data processing --Accounting. |
| General subdivision | |
| Withdrawn status | Lost status | Source of classification or shelving scheme | Damaged status | Not for loan | Collection code | Home library | Current library | Shelving location | Serial Enumeration / chronology | Inventory number | Total Checkouts | Full call number | Barcode | Date last seen | Date last checked out | Price effective from | Koha item type | Date acquired |
|---|---|---|---|---|---|---|---|---|---|---|---|---|---|---|---|---|---|---|
| Dewey Decimal Classification | Main TEST | RTC Library | RTC Library | Main opac | 5986 | 1 | 657.028 AGA | 30001550 | 28/06/2019 | 06/06/2019 | 27/11/2018 | Main | ||||||
| Dewey Decimal Classification | Desk | RTC Library | RTC Library | Desk | 657.028 AGA | 30005548 | 27/11/2018 | 27/11/2018 | Desk (DVD/CD) | 19/03/2021 |